[Event "Titled Tuesday intern op 10th Sep Early"]
[Site "Chess,com INT"]
[Date "2024.09.10"]
[Round "1"]
[White "Miellier, Yan"]
[Black "Galchenko, Matvey"]
[Result "0-1"]
[WhiteElo "2114"]
[BlackElo "2438"]
[PlyCount "78"]
[EventDate "2024.09.10"]
[EventType "swiss (blitz)"]
[EventRounds "11"]
[EventCountry "USA"]
[SourceTitle "EXT 2025"]
[Source "ChessBase"]
[SourceDate "2024.10.14"]
[SourceVersion "1"]
[SourceVersionDate "2024.10.14"]
[SourceQuality "1"]

1. d4 Nf6 2. c4 c5 3. d5 e6 4. Nc3 exd5 5. cxd5 d6 6. Nf3 g6 7. Bf4 Bg7 8. Qa4+ Bd7 9. Qb3 b5 10. Nxb5 Bxb5 11. Qxb5+ Nbd7 12. e3 Rb8 13. Qa4 Rb4 14. Qxa7 Nxd5 15. Bd3 Nxf4 16. exf4 Bxb2 17. Rd1 Bc3+ 18. Kf1 0-0 19. h4 Rxf4 20. h5 Nf6 21. hxg6 hxg6 22. Rh3 Re8 23. Rg3 Re7 24. Qa3 Be5 25. Bxg6 fxg6 26. Rxg6+ Kf7 27. Qd3 Qh8 28. Ng5+ Ke8 29. Qb5+ Kf8 30. Nh3 Rb4 31. Qa6 Qh5 32. Rxf6+ Bxf6 33. Qxd6 Kg7 34. Qg3+ Rg4 35. Qf3 Rf7 36. Nf4 Qf5 37. Rd5 Qxf4 38. Qxf4 Rxf4 39. g3 Rc4 0-1

[Event "Titled Tuesday intern op 10th Sep Early"]
[Site "Chess,com INT"]
[Date "2024.09.10"]
[Round "5"]
[White "Williams, Simon Kim"]
[Black "Miellier, Yan"]
[Result "1-0"]
[WhiteElo "2442"]
[BlackElo "2114"]
[PlyCount "105"]
[EventDate "2024.09.10"]
[EventType "swiss (blitz)"]
[EventRounds "11"]
[EventCountry "USA"]
[SourceTitle "EXT 2025"]
[Source "ChessBase"]
[SourceDate "2024.10.14"]
[SourceVersion "1"]
[SourceVersionDate "2024.10.14"]
[SourceQuality "1"]

1. d4 Nf6 2. c4 g6 3. h4 h5 4. Nc3 Bg7 5. e4 d6 6. Be2 c5 7. d5 e6 8. Nf3 exd5 9. exd5 0-0 10. 0-0 Re8 11. Bf4 Bg4 12. Re1 Ne4 13. Nxe4 Rxe4 14. Qd2 Na6 15. Ng5 Rxe2 16. Rxe2 Bxe2 17. Qxe2 Qf6 18. Re1 Qxf4 19. Qe7 Rf8 20. b3 Bf6 21. Qxb7 Bxg5 22. hxg5 Nb4 23. Qe7 Nd3 24. Re2 Ne5 25. f3 h4 26. Qf6 Qc1+ 27. Kh2 Re8 28. Re4 Qd2 29. Rxh4 Nxf3+ 30. Qxf3 Qxg5 31. Qh3 Kg7 32. Rh7+ Kf6 33. Qf3+ Qf5 34. Kg3 Qxf3+ 35. Kxf3 Re1 36. Rh8 Ra1 37. Rd8 Ke5 38. Re8+ Kd4 39. Rd8 Rxa2 40. Rxd6 Rb2 41. Rd7 Rxb3+ 42. Kf4 f6 43. Rxa7 Kxc4 44. d6 Rd3 45. d7 Rd6 46. g4 Kd5 47. Rc7 c4 48. Ke3 g5 49. Kd2 Ke5+ 50. Kc3 Kf4 51. Rxc4+ Kf3 52. Rd4 Rc6+ 53. Kd3 1-0

[Event "Titled Tuesday intern op 30th Jul Early"]
[Site "Chess.com INT"]
[Date "2024.07.30"]
[Round "8"]
[White "Karimova, Guldona"]
[Black "Miellier, Yan"]
[Result "1/2-1/2"]
[WhiteElo "2070"]
[BlackElo "2114"]
[PlyCount "173"]
[EventDate "2024.07.30"]
[EventType "swiss (blitz)"]
[EventRounds "11"]
[EventCountry "USA"]
[SourceTitle "EXT 2025"]
[Source "ChessBase"]
[SourceDate "2024.10.14"]
[SourceVersion "1"]
[SourceVersionDate "2024.10.14"]
[SourceQuality "1"]

1. e4 c6 2. d4 d5 3. Nc3 dxe4 4. Nxe4 Nf6 5. Nxf6+ exf6 6. Bc4 Bd6 7. Qe2+ Be7 8. Nf3 0-0 9. 0-0 Re8 10. c3 Bd6 11. Qc2 Bg4 12. Nh4 b5 13. Bd3 h6 14. h3 Be6 15. Nf5 Bf8 16. Bf4 Bd5 17. Rfe1 Nd7 18. Rxe8 Qxe8 19. Qd1 Nb6 20. Qg4 Kh8 21. Nxh6 g6 22. Qh4 Kg7 23. Nf5+ Kg8 24. Qxf6 Qe6 25. Qg5 Be4 26. Re1 Qxf5 27. Bxe4 Qxg5 28. Bxg5 Rc8 29. b3 a5 30. Bd3 a4 31. Re2 Nd5 32. Bd2 Rd8 33. Be4 Ne7 34. Bg5 Rc8 35. Bxe7 Bxe7 36. Bxc6 Rxc6 37. Rxe7 Rxc3 38. bxa4 bxa4 39. Ra7 Ra3 40. d5 Rxa2 41. d6 Kg7 42. d7 Rd2 43. Kf1 a3 44. Ke1 Rd6 45. Ke2 a2 46. Rxa2 Rxd7 47. Rd2 Re7+ 48. Kf3 Re6 49. g4 Ra6 50. Kg3 Kf6 51. Re2 Ra3+ 52. Re3 Ra2 53. f4 Rb2 54. g5+ Kg7 55. h4 Rb5 56. Kg4 Rb4 57. Rf3 Ra4 58. h5 gxh5+ 59. Kxh5 Ra2 60. f5 Rh2+ 61. Kg4 Rg2+ 62. Kf4 Ra2 63. Re3 Ra4+ 64. Re4 Ra2 65. Kg4 Rg2+ 66. Kh4 Rh2+ 67. Kg3 Rh1 68. Rh4 Rg1+ 69. Kf4 Rf1+ 70. Ke5 Re1+ 71. Re4 Rf1 72. f6+ Kg6 73. Rg4 Rf5+ 74. Ke4 Rxg5 75. Rxg5+ Kxg5 76. Ke5 Kg6 77. Ke4 Kg5 78. Ke5 Kh6 79. Kf5 Kh5 80. Kf4 Kg6 81. Ke5 Kg5 82. Ke4 Kxf6 83. Kf4 Ke6 84. Ke4 Kf6 85. Kf4 Kg6 86. Kg4 Kf6 87. Kf4 1/2-1/2

[Event "Titled Tuesday intern op 30th Jul Early"]
[Site "Chess.com INT"]
[Date "2024.07.30"]
[Round "2"]
[White "Miellier, Yan"]
[Black "Joubert, Dantelle"]
[Result "1-0"]
[WhiteElo "2114"]
[BlackElo "1740"]
[PlyCount "73"]
[EventDate "2024.07.30"]
[EventType "swiss (blitz)"]
[EventRounds "11"]
[EventCountry "USA"]
[SourceTitle "EXT 2025"]
[Source "ChessBase"]
[SourceDate "2024.10.14"]
[SourceVersion "1"]
[SourceVersionDate "2024.10.14"]
[SourceQuality "1"]

1. d4 d5 2. c4 c6 3. Nf3 Nf6 4. Nc3 a6 5. cxd5 cxd5 6. Bf4 Nc6 7. e3 Bf5 8. Bd3 Bxd3 9. Qxd3 e6 10. h3 Bd6 11. Ne5 Bxe5 12. dxe5 Nd7 13. e4 Ndxe5 14. Qg3 Ng6 15. 0-0-0 d4 16. Bg5 Qa5 17. Ne2 Qxa2 18. Qa3 Qxa3 19. bxa3 f6 20. Bd2 e5 21. f4 0-0 22. f5 Nge7 23. g4 Rac8 24. Kb1 Na7 25. a4 Rc4 26. g5 Rfc8 27. Rhg1 Kf7 28. Rg3 Rxa4 29. Rdg1 fxg5 30. Bxg5 Rc6 31. Bxe7 Rb6+ 32. Kc2 Kxe7 33. Rxg7+ Kf6 34. Rxh7 Ra2+ 35. Kd3 Rb3+ 36. Kc4 Rc3+ 37. Nxc3 1-0

[Event "Titled Tuesday intern op 30th Jul Early"]
[Site "Chess.com INT"]
[Date "2024.07.30"]
[Round "5"]
[White "Miellier, Yan"]
[Black "Kharmunova, Nadezhda"]
[Result "1-0"]
[WhiteElo "2114"]
[BlackElo "2022"]
[PlyCount "31"]
[EventDate "2024.07.30"]
[EventType "swiss (blitz)"]
[EventRounds "11"]
[EventCountry "USA"]
[SourceTitle "EXT 2025"]
[Source "ChessBase"]
[SourceDate "2024.10.14"]
[SourceVersion "1"]
[SourceVersionDate "2024.10.14"]
[SourceQuality "1"]

1. d4 d5 2. c4 dxc4 3. Nf3 Nf6 4. Nc3 e6 5. e3 Be7 6. Bxc4 a6 7. a4 c5 8. 0-0 0-0 9. Qe2 Nc6 10. Rd1 Qc7 11. Ba2 cxd4 12. exd4 Nxd4 13. Nxd4 Rd8 14. Bg5 Qc5 15. Be3 Qc7 16. Rac1 1-0

[Event "Titled Tuesday intern op 21st April"]
[Site "Chess.com INT"]
[Date "2020.04.21"]
[Round "3"]
[White "Durarbayli, Vasif"]
[Black "Miellier, Yan"]
[Result "1-0"]
[WhiteElo "2606"]
[BlackElo "2117"]
[PlyCount "65"]
[EventDate "2020.04.21"]
[EventType "swiss (blitz)"]
[EventRounds "10"]
[EventCountry "USA"]
[SourceTitle "EXT 2021"]
[Source "ChessBase"]
[SourceDate "2020.10.23"]
[SourceVersion "1"]
[SourceVersionDate "2020.10.23"]
[SourceQuality "1"]

1. e4 d6 2. d4 Nf6 3. Nc3 g6 4. g3 Bg7 5. Bg2 0-0 6. Nge2 c6 7. a4 Nbd7 8. h3 Qc7 9. Be3 e5 10. 0-0 Rd8 11. f4 Nh5 12. Kh2 exf4 13. Nxf4 Nxf4 14. Rxf4 Nf6 15. Qf3 Nh5 16. Rh4 d5 17. exd5 cxd5 18. Rxh5 gxh5 19. Qxh5 Be6 20. Rf1 Rac8 21. Nxd5 Rxd5 22. Bxd5 Qxc2+ 23. Rf2 Qd3 24. Bxe6 fxe6 25. Qf7+ Kh8 26. Qxe6 Rg8 27. d5 a6 28. d6 Qg6 29. Qxg6 hxg6 30. Bb6 Bf8 31. Rxf8 Rxf8 32. d7 Rf2+ 33. Bxf2 1-0

[Event "Titled Tuesday intern op 21st April"]
[Site "Chess.com INT"]
[Date "2020.04.21"]
[Round "1"]
[White "Miellier, Yan"]
[Black "Corrales Jimenez, Fidel"]
[Result "1-0"]
[WhiteElo "2117"]
[BlackElo "2532"]
[PlyCount "159"]
[EventDate "2020.04.21"]
[EventType "swiss (blitz)"]
[EventRounds "10"]
[EventCountry "USA"]
[SourceTitle "EXT 2021"]
[Source "ChessBase"]
[SourceDate "2020.10.23"]
[SourceVersion "1"]
[SourceVersionDate "2020.10.23"]
[SourceQuality "1"]

1. d4 Nf6 2. c4 g6 3. Nc3 d5 4. cxd5 Nxd5 5. g3 Bg7 6. Bg2 Nb6 7. Nf3 0-0 8. 0-0 Nc6 9. e3 Re8 10. d5 Na5 11. e4 c6 12. dxc6 Nxc6 13. Qe2 Bg4 14. Be3 Ne5 15. Rfd1 Qc8 16. Rac1 Qe6 17. Bxb6 axb6 18. Nd5 Rec8 19. Nc7 Rxc7 20. Rxc7 h5 21. Qe3 Nxf3+ 22. Bxf3 Rxa2 23. Bxg4 hxg4 24. Rdd7 Bf6 25. e5 Bxe5 26. Rd8+ Kg7 27. Rcc8 Ra1+ 28. Kg2 Kf6 29. Rc2 Qf5 30. Re2 Bd6 31. Qd4+ Be5 32. Qe3 Bd6 33. Qe4 Qf3+ 34. Qxf3+ gxf3+ 35. Kxf3 b5 36. Rc8 b4 37. Rcc2 Ra2 38. b3 Ra5 39. Rc4 Rf5+ 40. Kg2 Ra5 41. g4 Ra3 42. h4 Kg7 43. Re3 Kf6 44. Rd3 Ke6 45. Kf3 b5 46. Re4+ Kd7 47. h5 Ra1 48. Kg2 gxh5 49. g5 Ra8 50. f4 Rg8 51. Rh3 Kc6 52. Rxh5 Kd5 53. Re1 Kd4 54. Kf3 Kc3 55. Re3+ Kb2 56. Rh7 Ka3 57. Rxf7 Rh8 58. Kg4 Rh1 59. g6 Rg1+ 60. Kf5 Rf1 61. g7 Rxf4+ 62. Kg6 Rg4+ 63. Kf5 Rf4+ 64. Ke6 Rg4 65. Rh3 Ka2 66. Rh8 Kxb3 67. g8Q Rxg8 68. Rxg8 Ka3 69. Rf3+ b3 70. Ra8+ Kb2 71. Rh8 Ka2 72. Ra8+ Kb2 73. Kd5 b4 74. Kc4 Kc2 75. Rxb3 Be5 76. Ra2+ Kc1 77. Re2 Bc3 78. Rxc3+ bxc3 79. Kxc3 e5 80. Re1# 1-0

[Event "Titled Tuesday intern op 21st April"]
[Site "Chess.com INT"]
[Date "2020.04.21"]
[Round "4"]
[White "Miellier, Yan"]
[Black "Fischer, Daniel1"]
[Result "0-1"]
[WhiteElo "2117"]
[BlackElo "2331"]
[PlyCount "120"]
[EventDate "2020.04.21"]
[EventType "swiss (blitz)"]
[EventRounds "10"]
[EventCountry "USA"]
[SourceTitle "EXT 2021"]
[Source "ChessBase"]
[SourceDate "2020.10.23"]
[SourceVersion "1"]
[SourceVersionDate "2020.10.23"]
[SourceQuality "1"]

1. d4 Nf6 2. c4 e6 3. Nc3 Bb4 4. e3 0-0 5. Nge2 Re8 6. a3 Bf8 7. Ng3 d5 8. Bd3 b6 9. cxd5 exd5 10. 0-0 Bb7 11. Qf3 c5 12. Bc2 Nc6 13. Rd1 cxd4 14. exd4 Bc8 15. Bg5 Bg4 16. Qxg4 Nxg4 17. Bxd8 Raxd8 18. Ba4 Re6 19. Nge2 a6 20. Nf4 Red6 21. Nfxd5 b5 22. Bb3 Na5 23. Ba2 Nc4 24. Bxc4 bxc4 25. h3 Nh6 26. Ne3 Rxd4 27. Nxc4 Rxd1+ 28. Rxd1 Rc8 29. Nb6 Rb8 30. Ncd5 Nf5 31. b4 f6 32. Rc1 Bd6 33. Rc8+ Rxc8 34. Nxc8 Be5 35. Nce7+ Nxe7 36. Nxe7+ Kf7 37. Nc6 Bb2 38. a4 Bc3 39. Nb8 Bxb4 40. Nxa6 Bd6 41. g4 Ke7 42. Kg2 Kd7 43. Kf3 Kc6 44. Ke4 Kb7 45. Kf5 Kxa6 46. Ke6 Be5 47. Kf7 g5 48. Kg7 Ka5 49. Kxh7 Kxa4 50. Kg6 Kb4 51. Kh5 Kc4 52. h4 gxh4 53. Kxh4 Bf4 54. Kh5 Kd5 55. Kg6 Ke5 56. f3 Bg5 57. Kh5 Kf4 58. Kg6 Kxf3 59. Kf5 Kg3 60. Ke4 Kxg4 0-1

[Event "Titled Tuesday intern op 21st April"]
[Site "Chess.com INT"]
[Date "2020.04.21"]
[Round "6"]
[White "Pesotskiy, Mikhail"]
[Black "Miellier, Yan"]
[Result "1-0"]
[WhiteElo "2245"]
[BlackElo "2117"]
[PlyCount "51"]
[EventDate "2020.04.21"]
[EventType "swiss (blitz)"]
[EventRounds "10"]
[EventCountry "USA"]
[SourceTitle "EXT 2021"]
[Source "ChessBase"]
[SourceDate "2020.10.23"]
[SourceVersion "1"]
[SourceVersionDate "2020.10.23"]
[SourceQuality "1"]

1. d4 g6 2. c4 Bg7 3. e4 c5 4. d5 d6 5. Bd3 Nf6 6. Nc3 0-0 7. h3 e6 8. Nf3 exd5 9. cxd5 c4 10. Bxc4 Nbd7 11. 0-0 Nc5 12. Re1 Re8 13. Bb5 Bd7 14. Bxd7 Qxd7 15. e5 dxe5 16. Nxe5 Qd8 17. Bf4 Nfd7 18. Nxd7 Qxd7 19. Qd2 Rac8 20. Rad1 a6 21. d6 Ne6 22. Bg3 Nd4 23. Nd5 Rc2 24. Rxe8+ Qxe8 25. Ne7+ Kh8 26. Qxc2 1-0

[Event "PRO League Stage"]
[Site "Chess.com INT"]
[Date "2019.01.08"]
[Round "1"]
[White "Shimanov, Aleksandr"]
[Black "Miellier, Yan"]
[Result "1-0"]
[WhiteElo "2610"]
[BlackElo "2118"]
[PlyCount "65"]
[EventDate "2019.01.08"]
[EventType "team-swiss (rapid)"]
[EventRounds "10"]
[EventCountry "USA"]
[SourceTitle "CBM 188 Extra"]
[Source "ChessBase"]
[SourceDate "2019.02.28"]
[SourceVersion "1"]
[SourceVersionDate "2019.02.28"]
[SourceQuality "1"]
[WhiteTeam "Webster Windmills"]
[BlackTeam "Miami Champions"]
[WhiteTeamCountry "USA"]
[BlackTeamCountry "USA"]

1. f4 d5 2. Nf3 c5 3. e3 Nc6 4. Bb5 Nf6 5. b3 Bd7 6. Bb2 e6 7. 0-0 Bd6 8. Bxc6 Bxc6 9. Ne5 Qc7 10. d3 b6 11. Nxc6 Qxc6 12. Nd2 0-0 13. Bxf6 gxf6 14. Qh5 Kg7 15. Rf3 Rh8 16. Qh4 Be7 17. f5 h5 18. fxe6 fxe6 19. Raf1 Rh6 20. e4 Kf7 21. Rg3 Ke8 22. Rg7 Bf8 23. Rg8 Kf7 24. Qg5 Qe8 25. exd5 exd5 26. c4 d4 27. Ne4 Rd8 28. Rxf8+ Qxf8 29. Nxf6 Ke6 30. Nd5 Qxf1+ 31. Kxf1 Rf8+ 32. Kg1 Rh7 33. Qg6+ 1-0

[Event "Space Coast op 25th"]
[Site "Cocoa Beach"]
[Date "2018.04.29"]
[Round "5"]
[White "Hernandez Perez, Pedro"]
[Black "Miellier, Yan"]
[Result "1/2-1/2"]
[WhiteElo "2181"]
[BlackElo "2050"]
[PlyCount "143"]
[EventDate "2018.04.27"]
[EventType "swiss"]
[EventRounds "5"]
[EventCountry "USA"]
[SourceTitle "CBM 184 Extra"]
[Source "ChessBase"]
[SourceDate "2018.06.28"]
[SourceVersion "1"]
[SourceVersionDate "2018.06.28"]
[SourceQuality "1"]

1. b3 d5 2. Bb2 c5 3. Nf3 Nc6 4. g3 Nf6 5. Bg2 g6 6. 0-0 Bg7 7. d3 0-0 8. Nbd2 d4 9. c4 e5 10. a3 a5 11. Ne1 Be6 12. h3 Nh5 13. Rb1 f5 14. Bc1 Qe7 15. Nc2 Kh8 16. Kh2 Bg8 17. Bf3 Nf6 18. Bg2 Qd6 19. Kg1 Rae8 20. b4 b6 21. bxc5 bxc5 22. Rb6 e4 23. Nb3 Nd7 24. Bf4 Be5 25. Bxe5+ Rxe5 26. Rb5 f4 27. Nd2 Nf6 28. dxe4 fxg3 29. f4 Ree8 30. Ne1 Nh5 31. e5 Nxe5 32. fxe5 Qxe5 33. Nd3 Qe3+ 34. Kh1 Rf2 35. Rxf2 gxf2 36. Nf1 Ng3+ 37. Nxg3 Qxg3 38. Rxc5 Rf8 39. Nxf2 Qxf2 40. Qg1 Qh4 41. Re5 Bxc4 42. Re4 Qf6 43. Qxd4 Qxd4 44. Rxd4 Bxe2 45. Kg1 Bf3 46. Bf1 Kg7 47. Rd7+ Kh6 48. Ra7 Rf5 49. Bd3 Rd5 50. Bc4 Rc5 51. Bg8 Kg5 52. Bxh7 Kf4 53. Bxg6 Kg3 54. Bd3 Rc3 55. Bf1 Rxa3 56. Rg7+ Kf4 57. Rf7+ Ke3 58. Re7+ Kd4 59. Rd7+ Kc5 60. Kf2 Bc6 61. Rd2 a4 62. Rc2+ Kd6 63. Rd2+ Ke5 64. Bg2 Bxg2 65. Kxg2 Rb3 66. Rd8 a3 67. Ra8 Kd4 68. h4 Ke4 69. h5 Kf5 70. h6 Kg6 71. Ra6+ Kh7 72. Kh2 1/2-1/2